00923cam a2200217 a 450000100100000000500170001000800410002704000250006808200160009310000510010924501270016026000400028730000210032749000190034859000750036770000240044283000260046604900090049295201870050199900170068800003571320200930074543.0790517s1958 sp 000 0 spa d aDO-SdBNPbspacBNPHU axxxxbG599f1 aGoethe, Johann Wolfgang Von,d1749-183291299510aFausto /cJohann Wolfgang Goethe ;traducción del alemán y notas por N. S. L. ; con una nota prologada del Jaime Ardal. aSantiago de Chile :bIberia,c1958. a318 p. ;c18 cm.1 aObras maestras aPerteneció a la biblioteca personal de Juan Isidro Jimenes Grullón1 aArdal, Jaime918460 0aObras maestras914105 aBNGR 001050718MOaGRbGRcCTd2011-11-09iLF1l0oxxxx G599fp35713-10r2020-06-25w2020-06-25y1zPerteneció a la biblioteca personal de Juan Isidro Jimenes -GrullónZNo se presta c35204d35204